00881nam a22001937a 450000100040000000500170000402000180002104000290003905000120006808200080008010000190008824500450010726000320015230000230018450500060020752004380021352100180065152100180066957220240119151613.0 a9780545484923 aFISKHbengcFISKHdFISKH aPZ7.M50 aFic aMeadows, Daisy aLindsay the luck fairycby Daisy Meadows aAllen :bScholastic.c2013. a169 pages ;c20 cm aK a"St. patrick's Day is full of magic, and Lindsay the Luck Fairy is the one who keeps it that way! But when Jack Frost's goblins steals her special lucky charms, Lindsay's luck runs out. now everyone, everywhere will have a horribly unlucky St. Patrick's Day! Rachel and Kirsty are determined to help Lindsay find her magic. But where do they start? And without luck on their side, do they stand a chance of outsmarting the govlins?"  a550 bLexile aK bRaz-Plus